00732nam a2200181 a 450000100100000000500170001000800410002704000250006808200150009310000450010824500620015326000420021530000350025704900090029295201130030195201190041499900170053300002831120200930031529.0110407s1994 dr ac 000 p spa d aDO-SdBNPbspacBNPHU axxxbM553u1 aMercedes, Andrés Ramón de las95529910aUna voz del presente /cAndrés Ramón de las Mercedes. aSanto Domingo :bImprenta Paz,c1994. a32 p. :bil., retrs. ;c21 cm. aBNPD 0010718PDaPDbPDcCTd2011-04-07iLF1l0oxxx M553up28311-10r2020-06-25w2020-06-25yLFPDZNo se presta 0010718PDaPDbPDcCTd2011-04-11iLF1l0oxxx M553up28311-20r2020-06-25te. 2w2020-06-25yLFPDZNo se presta c27803d27803